[Event "11th Panam-ch (w)"]
[Site "Manzanillo MEX"]
[Date "2016.11.07"]
[Round "3.7"]
[White "Roca Rojas, Ana Flavia"]
[Black "Marrero Lopez, Yaniet"]
[Result "1/2-1/2"]
[WhiteElo "2218"]
[BlackElo "2249"]
[EventDate "2016.11.06"]
[PlyCount "197"]

1.c4 Nf6 2.g3 c6 3.Bg2 d5 4.cxd5 cxd5 5.Nf3 e6 6.O-O Be7 7.d4 O-O 8.Nc3 
Nc6 9.Re1 Bd7 10.Ne5 Be8 11.Nxc6 Bxc6 12.Qd3 Qd7 13.Rb1 a5 14.a3 b5 15.b4 
axb4 16.axb4 Qb7 17.e4 dxe4 18.Nxe4 Nxe4 19.Bxe4 Bxe4 20.Qxe4 Qxe4 21.Rxe4
Rfd8 22.Bf4 Rd5 23.Bc7 Rc8 24.Bb6 Rc4 25.Bc5 Bxc5 26.bxc5 b4 27.c6 Rb5 28.
Re5 Rb8 29.Rc5 Rxd4 30.c7 Rc8 31.Rb5 Rc4 32.Rb7 h5 33.R1xb4 R8xc7 34.Rxc4 
Rxc4 35.Kg2 e5 36.Re7 f6 37.h4 Rc1 38.Kf3 Re1 39.Ra7 Kh7 40.Rb7 Kh6 41.Rf7
e4+ 42.Kg2 Kh7 43.Ra7 Kg6 44.Rb7 Rd1 45.Ra7 f5 46.Ra6+ Kf7 47.Ra7+ Kf6 48.
Rb7 Rd6 49.Rb8 Rd2 50.Kf1 Rd3 51.Ke2 Rf3 52.Rb6+ Kf7 53.Rb7+ Kg6 54.Rb6+ 
Kh7 55.Re6 Kg8 56.Ra6 f4 57.Ra4 fxg3 58.fxg3 Rxg3 59.Rxe4 Kf7 60.Kf2 Ra3 
61.Kg2 Kf6 62.Rb4 g6 63.Kh2 Re3 64.Rf4+ Ke5 65.Rf8 Rd3 66.Kg2 Rd4 67.Kg3 
Rg4+ 68.Kh3 Rf4 69.Ra8 Rf3+ 70.Kg2 Rd3 71.Rf8 Rd6 72.Kg3 Rd3+ 73.Kg2 Rd4 
74.Kg3 Rg4+ 75.Kh3 Ke4 76.Ra8 Rf4 77.Ra4+ Kf5 78.Ra5+ Kf6 79.Ra6+ Kg7 80.
Kg3 Re4 81.Rb6 Re3+ 82.Kg2 Kf7 83.Ra6 Re6 84.Ra4 Kf6 85.Rf4+ Ke5 86.Rf8 
Rc6 87.Kg3 Rc3+ 88.Kg2 Rb3 89.Kh2 Rb4 90.Kg3 Rb3+ 91.Kg2 Ke6 92.Rf4 Rb5 
93.Kg3 Rf5 94.Ra4 Rd5 95.Rf4 Rf5 96.Ra4 Kf6 97.Ra6+ Kg7 98.Ra7+ Kh6 99.Ra6
1/2-1/2

[Event "11th Panam-ch (w)"]
[Site "Manzanillo MEX"]
[Date "2016.11.07"]
[Round "3.8"]
[White "Frometa Castillo, Zirka"]
[Black "Parkhurst Casas, Miriam"]
[Result "1/2-1/2"]
[WhiteElo "2123"]
[BlackElo "2013"]
[EventDate "2016.11.06"]
[PlyCount "76"]

1.d4 Nf6 2.Nf3 c5 3.e3 e6 4.Bd3 b6 5.O-O Bb7 6.c4 Be7 7.Nc3 d6 8.a3 Nbd7 
9.b4 O-O 10.Bb2 Re8 11.Nd2 Bf8 12.f4 a6 13.b5 a5 14.Nce4 d5 15.Ng3 cxd4 
16.exd4 Rc8 17.Rc1 dxc4 18.Nxc4 Nd5 19.Qd2 N7f6 20.Ne4 Nxe4 21.Bxe4 f5 22.
Bf3 Bd6 23.Ne5 Bxe5 24.dxe5 Qe7 25.g3 Red8 26.Rxc8 Bxc8 27.Qf2 Bb7 28.Rd1 
Rc8 29.Rc1 Rxc1+ 30.Bxc1 Nc3 31.Bb2 Nxb5 32.Qxb6 Bxf3 33.Qxb5 Qa7+ 34.Kf1 
Qa8 35.Bc3 Bg2+ 36.Ke1 a4 37.Qd7 Qe4+ 38.Kd2 Qd5+ 1/2-1/2

[Event "11th Panam-ch (w)"]
[Site "Manzanillo MEX"]
[Date "2016.11.07"]
[Round "3.9"]
[White "Besso, Guadalupe"]
[Black "Hernandez Moya, Yuleisy"]
[Result "0-1"]
[WhiteElo "1987"]
[BlackElo "2232"]
[EventDate "2016.11.06"]
[PlyCount "66"]

1.d4 f5 2.g3 Nf6 3.Bg2 g6 4.c4 Bg7 5.Nh3 O-O 6.Nc3 c6 7.O-O d6 8.d5 e5 9.
dxe6 Bxe6 10.Qb3 Qe7 11.Ng5 Bf7 12.Nxf7 Rxf7 13.Qa3 Nbd7 14.Rd1 Ne5 15.b3 
a6 16.Bg5 h6 17.Bxf6 Rxf6 18.Rac1 Re8 19.Rc2 Ng4 20.e3 Re6 21.Qc1 Kh8 22.
Ne2 g5 23.Qd2 Rf8 24.Nd4 Ref6 25.h3 Ne5 26.Re1 f4 27.exf4 gxf4 28.Qd1 fxg3
29.fxg3 c5 30.Ne2 Nf3+ 31.Bxf3 Rxf3 32.Nf4 Rxg3+ 33.Ng2 Qh4 0-1

[Event "11th Panam-ch (w)"]
[Site "Manzanillo MEX"]
[Date "2016.11.07"]
[Round "3.10"]
[White "Nejanky, Maisa"]
[Black "Fuentes Godoy, Lilia Ivonne"]
[Result "1-0"]
[WhiteElo "2073"]
[BlackElo "2099"]
[EventDate "2016.11.06"]
[PlyCount "127"]

1.e4 c5 2.Nf3 Nc6 3.d4 cxd4 4.Nxd4 e5 5.Nb5 d6 6.a4 Be7 7.Bc4 a6 8.N5c3 
Nf6 9.Bg5 O-O 10.Bxf6 Bxf6 11.Nd5 Be6 12.Nbc3 Rc8 13.O-O Nd4 14.Bd3 Be7 
15.Kh1 Qe8 16.f4 f6 17.Ne3 Bd8 18.f5 Bf7 19.Ncd5 Kh8 20.c3 Nc6 21.Bc4 Bxd5
22.Bxd5 Bc7 23.Qg4 Bb8 24.Rf3 Ba7 25.Nc4 Rd8 26.Rh3 h6 27.Rg3 g5 28.fxg6 
Kg7 29.Rf1 Qe7 30.Bf7 b5 31.axb5 axb5 32.Ne3 Bxe3 33.Rxe3 Nb8 34.Rh3 Rh8 
35.Rhf3 Nd7 36.h4 Rhf8 37.h5 Rb8 38.Rd1 b4 39.Rfd3 bxc3 40.bxc3 Rb6 41.Qe6
Rxf7 42.Qxf7+ Qxf7 43.gxf7 Nc5 44.Rxd6 Rxd6 45.Rxd6 Nxe4 46.Rc6 Kxf7 47.
Kh2 f5 48.c4 Nf6 49.c5 e4 50.Kg1 f4 51.Ra6 Ke7 52.Kf1 Nxh5 53.Rxh6 Ng3+ 
54.Ke1 Nf5 55.Rh7+ Kd8 56.Rf7 Ne3 57.Kf2 Nd5 58.Rf5 Nb4 59.Ke2 f3+ 60.gxf3
exf3+ 61.Kxf3 Kc7 62.Ke3 Kc6 63.Kd4 Nc2+ 64.Kc3 1-0

[Event "11th Panam-ch (w)"]
[Site "Manzanillo MEX"]
[Date "2016.11.08"]
[Round "4.1"]
[White "Zhou, Qiyu"]
[Black "Cori Tello, Deysi"]
[Result "0-1"]
[WhiteElo "2312"]
[BlackElo "2399"]
[EventDate "2016.11.06"]
[PlyCount "56"]

1.e4 c5 2.Nf3 e6 3.d4 cxd4 4.Nxd4 Nc6 5.Nc3 a6 6.Be3 Qc7 7.Qd2 b5 8.a4 b4 
9.Na2 Nf6 10.f3 Rb8 11.Be2 Ne5 12.b3 d5 13.O-O-O dxe4 14.Bf4 Nd5 15.Bxe5 
Qxe5 16.fxe4 Nf6 17.Bf3 Be7 18.Kb1 Bb7 19.Nxb4 Rc8 20.Ne2 Qc7 21.Nd4 O-O 
22.e5 Ne4 23.Bxe4 Bxe4 24.Nxa6 Qb7 25.Qe2 Rxc2 26.Nxc2 Qxb3+ 27.Kc1 Bg5+ 
28.Rd2 Qxc2# 0-1

[Event "11th Panam-ch (w)"]
[Site "Manzanillo MEX"]
[Date "2016.11.08"]
[Round "4.2"]
[White "Lujan, Carolina"]
[Black "Martinez, Ayelen"]
[Result "1-0"]
[WhiteElo "2386"]
[BlackElo "2238"]
[EventDate "2016.11.06"]
[PlyCount "51"]

1.e4 c5 2.Nc3 a6 3.Nge2 e5 4.g3 Nf6 5.Bg2 Nc6 6.d3 d6 7.O-O Be7 8.h3 b5 9.
f4 Be6 10.f5 Bc8 11.g4 b4 12.Nd5 Nxd5 13.exd5 Nb8 14.Ng3 g6 15.Qf3 f6 16.
Bh6 Nd7 17.g5 Rg8 18.Nh5 Kf7 19.Qg4 Nf8 20.gxf6 gxh5 21.fxe7 Qxe7 22.Qxh5+
Kf6 23.h4 Qa7 24.Bg5+ Kg7 25.f6+ Kh8 26.f7 1-0

[Event "11th Panam-ch (w)"]
[Site "Manzanillo MEX"]
[Date "2016.11.08"]
[Round "4.3"]
[White "Eswaran, Ashritha"]
[Black "Nemcova, Katerina"]
[Result "0-1"]
[WhiteElo "2134"]
[BlackElo "2379"]
[EventDate "2016.11.06"]
[PlyCount "72"]

1.e4 e5 2.Nf3 Nc6 3.Bb5 a6 4.Ba4 Nf6 5.O-O Be7 6.Re1 b5 7.Bb3 d6 8.c3 O-O 
9.d4 Bg4 10.Be3 Re8 11.Nbd2 exd4 12.cxd4 Na5 13.Bc2 Nd7 14.h3 Bh5 15.e5 
dxe5 16.Qb1 exd4 17.Bxh7+ Kh8 18.Bxd4 c5 19.Qf5 Bxf3 20.Nxf3 cxd4 21.Ne5 
Nxe5 22.Rxe5 Bg5 23.Rae1 Rxe5 24.Rxe5 Nc4 25.Rd5 Qf6 26.Qe4 g6 27.Bxg6 
Qxg6 28.Qxd4+ Bf6 29.Qd1 Nxb2 30.Qe2 Rg8 31.g4 Kg7 32.Kg2 Rc8 33.Qe3 Rc3 
34.Qf4 Rc4 35.Qd6 Qe4+ 36.Kh2 Qf4+ 0-1

[Event "11th Panam-ch (w)"]
[Site "Manzanillo MEX"]
[Date "2016.11.08"]
[Round "4.4"]
[White "Arribas Robaina, Maritza"]
[Black "Parkhurst Casas, Miriam"]
[Result "1-0"]
[WhiteElo "2334"]
[BlackElo "2013"]
[EventDate "2016.11.06"]
[PlyCount "109"]

1.e4 e5 2.Nf3 Nc6 3.Bb5 a6 4.Ba4 Nf6 5.d3 b5 6.Bb3 Bb7 7.O-O Bc5 8.Nc3 O-O
9.Nd5 h6 10.Be3 d6 11.Qd2 Bxe3 12.Nxf6+ Qxf6 13.fxe3 Qe7 14.Qe1 Rab8 15.
Nh4 Kh7 16.Qg3 Qg5 17.Rxf7 Rxf7 18.Bxf7 Qxg3 19.hxg3 Ne7 20.Rf1 Rf8 21.Be6
Rxf1+ 22.Kxf1 d5 23.exd5 Bxd5 24.Bxd5 Nxd5 25.Ke2 Nb4 26.Kd2 g5 27.a3 Nc6 
28.Nf5 Kg6 29.e4 h5 30.c3 Kf6 31.b4 Nd8 32.Ne3 c6 33.Nf5 Ne6 34.Ke3 Nc7 
35.Nd6 Ke7 36.Nb7 Ne6 37.d4 Kf6 38.d5 cxd5 39.exd5 Ng7 40.Nc5 Nf5+ 41.Kf3 
g4+ 42.Kf2 Nd6 43.Ke2 Nc4 44.a4 Nb6 45.a5 Nxd5 46.Kd3 Kf5 47.Nxa6 h4 48.
gxh4 Nf4+ 49.Ke3 Nxg2+ 50.Kf2 Nxh4 51.Nc5 e4 52.a6 Ke5 53.a7 Nf5 54.a8=Q 
e3+ 55.Ke2 1-0

[Event "11th Panam-ch (w)"]
[Site "Manzanillo MEX"]
[Date "2016.11.08"]
[Round "4.5"]
[White "Llaudy Pupo, Lisandra"]
[Black "Roca Rojas, Ana Flavia"]
[Result "1/2-1/2"]
[WhiteElo "2277"]
[BlackElo "2218"]
[EventDate "2016.11.06"]
[PlyCount "55"]

1.e4 c5 2.Nf3 d6 3.d4 cxd4 4.Nxd4 Nf6 5.Nc3 a6 6.Be2 e6 7.Be3 Be7 8.O-O 
O-O 9.f4 Nc6 10.Qe1 Nxd4 11.Bxd4 b5 12.Rd1 Bb7 13.Bf3 Qc7 14.e5 dxe5 15.
fxe5 Nd5 16.Nxd5 Bxd5 17.Bxd5 exd5 18.e6 f6 19.c3 Rae8 20.Qh4 Bc5 21.Bxc5 
Qxc5+ 22.Qd4 Qxd4+ 23.Rxd4 Rxe6 24.Rxd5 Re2 25.Rf2 Re1+ 26.Rf1 Re2 27.Rf2 
Re1+ 28.Rf1 1/2-1/2

[Event "11th Panam-ch (w)"]
[Site "Manzanillo MEX"]
[Date "2016.11.08"]
[Round "4.6"]
[White "Hernandez Moya, Yuleisy"]
[Black "Amura, Claudia"]
[Result "0-1"]
[WhiteElo "2232"]
[BlackElo "2271"]
[EventDate "2016.11.06"]
[PlyCount "78"]

1.e4 c5 2.Nf3 Nc6 3.d4 cxd4 4.Nxd4 e5 5.Nb5 d6 6.N1c3 a6 7.Na3 b5 8.Nd5 
Nf6 9.Bg5 Be7 10.Bxf6 Bxf6 11.c3 Bg5 12.Nc2 Rb8 13.Bd3 Be6 14.Ncb4 Nxb4 
15.Nxb4 Qc8 16.a4 a5 17.Nd5 Bxd5 18.exd5 b4 19.h4 Bh6 20.Bb5+ Rxb5 21.axb5
bxc3 22.bxc3 Qxc3+ 23.Kf1 Qc4+ 24.Kg1 O-O 25.Rxa5 Qb4 26.Ra6 g6 27.Rh3 
Qxb5 28.Rha3 Qc5 29.Ra8 Bc1 30.Rxf8+ Kxf8 31.Ra8+ Kg7 32.Qf3 Bb2 33.Rb8 
Bd4 34.g3 e4 35.Qxe4 Bxf2+ 36.Kg2 Bd4 37.Rb7 Be5 38.Qf3 Qc2+ 39.Kh3 Qc8+ 
0-1

[Event "11th Panam-ch (w)"]
[Site "Manzanillo MEX"]
[Date "2016.11.08"]
[Round "4.7"]
[White "Marrero Lopez, Yaniet"]
[Black "Sanchez Matias, Nuria Angelica"]
[Result "1-0"]
[WhiteElo "2249"]
[BlackElo "1749"]
[EventDate "2016.11.06"]
[PlyCount "113"]

1.e4 c5 2.Nf3 e6 3.d4 cxd4 4.Nxd4 a6 5.Nd2 Qc7 6.g3 Ne7 7.Bg2 g6 8.O-O Bg7
9.N2b3 O-O 10.f4 d5 11.e5 Nbc6 12.a4 Bd7 13.Be3 Rac8 14.a5 Nxd4 15.Nxd4 
Nc6 16.Nxc6 Qxc6 17.c3 Qb5 18.Rf2 f6 19.exf6 Bxf6 20.Bd4 Be8 21.Bh3 Bd7 
22.Bf1 Qc6 23.h4 Qd6 24.Bxf6 Rxf6 25.Qd4 Kf7 26.Ra3 Qc5 27.Rd2 Ke7 28.Rb3 
Qxd4+ 29.Rxd4 Bc6 30.Rb6 Ra8 31.Bg2 Rd8 32.Bf1 Ra8 33.Bg2 Rd8 34.c4 Rd7 
35.cxd5 exd5 36.Bh3 Rc7 37.Kf2 Bd7 38.Rxf6 Kxf6 39.Bxd7 Rxd7 40.g4 h5 41.
g5+ Kf5 42.Kf3 Rd6 43.Rb4 d4 44.Rxb7 d3 45.Rf7+ Ke6 46.Rf6+ Ke7 47.Rxd6 
Kxd6 48.Ke3 Ke6 49.Kxd3 Kf5 50.Ke3 Kg4 51.b4 Kxh4 52.Kf3 Kh3 53.b5 axb5 
54.a6 b4 55.a7 b3 56.a8=Q b2 57.Qc8+ 1-0

[Event "11th Panam-ch (w)"]
[Site "Manzanillo MEX"]
[Date "2016.11.08"]
[Round "4.8"]
[White "Zarate Oyague, Flor de Maria"]
[Black "Heredia Serrano, Carla"]
[Result "1-0"]
[WhiteElo "1945"]
[BlackElo "2103"]
[EventDate "2016.11.06"]
[PlyCount "69"]

1.d4 d5 2.Nf3 Nf6 3.c4 c6 4.Nc3 dxc4 5.e4 b5 6.e5 Nd5 7.a4 b4 8.Ne4 Bf5 9.
Ng3 e6 10.Nxf5 exf5 11.Bxc4 Be7 12.Qc2 O-O 13.Qxf5 Nd7 14.O-O Re8 15.e6 
fxe6 16.Qxe6+ Kh8 17.Qxc6 N7b6 18.Ne5 Rf8 19.Bb3 a5 20.Qe6 Qd6 21.Nf7+ 
Rxf7 22.Qxf7 Rf8 23.Qh5 Bf6 24.Be3 Nf4 25.Bxf4 Qxf4 26.Bc2 Qh6 27.Qxh6 
gxh6 28.Rad1 Rd8 29.Rfe1 Bxd4 30.Re4 Rc8 31.Rexd4 Rxc2 32.b3 Kg7 33.g3 Rc5
34.Rd6 Nc8 35.Ra6 1-0

[Event "11th Panam-ch (w)"]
[Site "Manzanillo MEX"]
[Date "2016.11.08"]
[Round "4.9"]
[White "Fuentes Godoy, Lilia Ivonne"]
[Black "Frometa Castillo, Zirka"]
[Result "1-0"]
[WhiteElo "2099"]
[BlackElo "2123"]
[EventDate "2016.11.06"]
[PlyCount "71"]

1.d4 d5 2.c4 e6 3.Nf3 f5 4.Bf4 Nf6 5.e3 Be7 6.Nc3 O-O 7.Bd3 c6 8.Qc2 Na6 
9.a3 dxc4 10.Bxc4 b5 11.Bd3 Kh8 12.O-O b4 13.Na4 Bb7 14.Ng5 Qd7 15.Qe2 Nb8
16.Nc5 Bxc5 17.dxc5 h6 18.Nf3 Nd5 19.Bd6 Rd8 20.Rfd1 Qe8 21.e4 fxe4 22.
Qxe4 Nf6 23.Qxb4 Rd7 24.Ne5 a5 25.Qe1 Na6 26.Qxa5 Nc7 27.Qe1 Ncd5 28.Bg6 
Qg8 29.Rd4 Rad8 30.Qb1 Ne8 31.Bf7 Rxf7 32.Ng6+ Kh7 33.Ne7+ Kh8 34.Nxg8 
Kxg8 35.Be5 Ba6 36.Qe4 1-0

[Event "11th Panam-ch (w)"]
[Site "Manzanillo MEX"]
[Date "2016.11.09"]
[Round "5.1"]
[White "Cori Tello, Deysi"]
[Black "Lujan, Carolina"]
[Result "1/2-1/2"]
[WhiteElo "2399"]
[BlackElo "2386"]
[EventDate "2016.11.06"]
[PlyCount "23"]

1.d4 Nf6 2.Nf3 g6 3.g3 d5 4.Bg2 Bg7 5.O-O O-O 6.c3 Nbd7 7.a4 Ne4 8.Na3 c5 
9.Ng5 Nef6 10.Nf3 Ne4 11.Ng5 Nef6 12.Nf3 1/2-1/2

[Event "11th Panam-ch (w)"]
[Site "Manzanillo MEX"]
[Date "2016.11.09"]
[Round "5.2"]
[White "Nemcova, Katerina"]
[Black "Marrero Lopez, Yaniet"]
[Result "1/2-1/2"]
[WhiteElo "2379"]
[BlackElo "2249"]
[EventDate "2016.11.06"]
[PlyCount "57"]

1.e4 e5 2.f4 exf4 3.Nf3 d6 4.Bc4 Be7 5.d4 Bh4+ 6.Kf1 Bg4 7.Bxf4 Qf6 8.Be3 
Ne7 9.Nd2 h6 10.h3 Bg5 11.Qe2 Bxe3 12.Qxe3 Be6 13.Bd3 Ng6 14.g3 O-O 15.Kg2
Na6 16.a3 Rae8 17.Rae1 Qd8 18.Qf2 c6 19.Re2 Qc8 20.Nf1 f5 21.exf5 Bxf5 22.
Bxf5 Qxf5 23.Rxe8 Rxe8 24.Ne3 Qf7 25.Re1 Nc7 26.Nd2 Qxf2+ 27.Kxf2 d5 28.
Nf3 Rf8 29.Ng4 1/2-1/2

[Event "11th Panam-ch (w)"]
[Site "Manzanillo MEX"]
[Date "2016.11.09"]
[Round "5.4"]
[White "Zhou, Qiyu"]
[Black "Zarate Oyague, Flor de Maria"]
[Result "1/2-1/2"]
[WhiteElo "2312"]
[BlackElo "1945"]
[EventDate "2016.11.06"]
[PlyCount "93"]

1.e4 c5 2.Nf3 d6 3.d4 cxd4 4.Nxd4 Nf6 5.Nc3 a6 6.Bc4 e6 7.Bb3 b5 8.O-O Be7
9.Qf3 Qb6 10.Be3 Qb7 11.Qg3 b4 12.Na4 O-O 13.f3 Nbd7 14.a3 Nc5 15.axb4 
Nxb3 16.Nxb3 Qxb4 17.Nd4 Nh5 18.Qg4 Nf6 19.Qg3 Nh5 20.Qf2 Bd7 21.Bd2 Qb7 
22.Ra3 e5 23.Nb3 Bb5 24.Rfa1 Rac8 25.Nc3 Rxc3 26.Bxc3 f5 27.exf5 Rxf5 28.
Re1 Nf6 29.h3 d5 30.Raa1 Ne4 31.Qe3 Bg5 32.fxe4 Bxe3+ 33.Rxe3 dxe4 34.Rae1
Qb6 35.Kh2 Rf2 36.Nd2 Qh6 37.Kg1 Rf8 38.Bxe5 Qg5 39.Bc3 Bc6 40.Nxe4 Bxe4 
41.Rxe4 h5 42.Re7 Rf7 43.Rxf7 Kxf7 44.Rd1 Qe3+ 45.Kh1 g5 46.Rf1+ Kg6 47.
Rf6+ 1/2-1/2

[Event "11th Panam-ch (w)"]
[Site "Manzanillo MEX"]
[Date "2016.11.09"]
[Round "5.5"]
[White "Martinez, Ayelen"]
[Black "Llaudy Pupo, Lisandra"]
[Result "1-0"]
[WhiteElo "2238"]
[BlackElo "2277"]
[EventDate "2016.11.06"]
[PlyCount "75"]

1.e4 c5 2.Nf3 a6 3.Nc3 b5 4.d4 cxd4 5.Nxd4 Bb7 6.Bd3 e6 7.O-O Nc6 8.Be3 
Nf6 9.Qe2 Be7 10.f4 Nb4 11.Kh1 Nxd3 12.cxd3 b4 13.Na4 Qa5 14.Qd1 Rc8 15.
Nf3 O-O 16.Nb6 Rc7 17.Ne5 d5 18.Rc1 Bd8 19.Rxc7 Bxc7 20.Ned7 Nxd7 21.Nxd7 
Rd8 22.Nc5 Ba8 23.f5 exf5 24.Rxf5 Qxa2 25.Rf2 dxe4 26.b3 Qa5 27.Qf1 exd3 
28.Rxf7 d2 29.Bd4 d1=Q 30.Rxg7+ Kh8 31.Qxd1 Be5 32.Rd7 Re8 33.Bxe5+ Rxe5 
34.Rd8+ Kg7 35.Qg4+ Kf6 36.Rd6+ Kf7 37.Rd7+ Re7 38.Qe6+ 1-0

[Event "11th Panam-ch (w)"]
[Site "Manzanillo MEX"]
[Date "2016.11.09"]
[Round "5.6"]
[White "Roca Rojas, Ana Flavia"]
[Black "Nejanky, Maisa"]
[Result "1/2-1/2"]
[WhiteElo "2218"]
[BlackElo "2073"]
[EventDate "2016.11.06"]
[PlyCount "88"]

1.e4 c5 2.Nf3 d6 3.d4 cxd4 4.Nxd4 Nf6 5.Nc3 Nc6 6.g3 g6 7.Bg2 Bd7 8.Nde2 
Bg7 9.O-O O-O 10.h3 Rc8 11.Nf4 Na5 12.Ncd5 Ne8 13.h4 Nc4 14.Nd3 e6 15.Ne3 
Ba4 16.Nxc4 Rxc4 17.b3 Bxa1 18.bxc4 Bf6 19.Ba3 Qc7 20.c5 dxc5 21.Bxc5 Be7 
22.Bxe7 Qxe7 23.Qd2 Qc7 24.Rc1 Nd6 25.Qb4 Bc6 26.Ne5 a5 27.Qb2 f6 28.Nxc6 
bxc6 29.Qb3 Re8 30.Qf3 Kg7 31.e5 fxe5 32.Qxc6 Qxc6 33.Bxc6 Re7 34.Ba4 Rc7 
35.Bb3 Kf6 36.Rd1 Nf5 37.Rd8 e4 38.Ra8 Rc5 39.Ra6 Nd4 40.Kf1 Ke5 41.c3 
Nxb3 42.axb3 Rxc3 43.Rxa5+ Kd4 44.Ra6 e5 1/2-1/2

[Event "11th Panam-ch (w)"]
[Site "Manzanillo MEX"]
[Date "2016.11.09"]
[Round "5.7"]
[White "Parkhurst Casas, Miriam"]
[Black "Hernandez Moya, Yuleisy"]
[Result "0-1"]
[WhiteElo "2013"]
[BlackElo "2232"]
[EventDate "2016.11.06"]
[PlyCount "88"]

1.e4 c5 2.Nf3 e6 3.c4 Nc6 4.d4 cxd4 5.Nxd4 Nf6 6.Nc3 Bb4 7.Nxc6 bxc6 8.Bd3
e5 9.Bg5 h6 10.Bh4 d6 11.O-O Bc5 12.Rb1 g5 13.Bg3 h5 14.h4 Ng4 15.b4 Bd4 
16.Ne2 gxh4 17.Bh2 Nxh2 18.Kxh2 Qg5 19.f4 Qg4 20.Nxd4 exd4 21.Qxg4 hxg4 
22.f5 Ke7 23.Rf4 Bd7 24.Rxg4 Rag8 25.Be2 Rxg4 26.Bxg4 Kf6 27.Bf3 Ke5 28.
Rd1 Rb8 29.a3 c5 30.b5 Kf4 31.Rd3 Bc8 32.Bd1 Bb7 33.Rh3 Rh8 34.Kg1 Bxe4 
35.a4 Bxf5 36.Rf3+ Ke5 37.Rf1 Rg8 38.Re1+ Be4 39.Kh2 Rxg2+ 40.Kh3 Ra2 41.
Kxh4 Ra1 42.Rg1 d3 43.a5 Rxa5 44.Rg8 Ra1 0-1

[Event "11th Panam-ch (w)"]
[Site "Manzanillo MEX"]
[Date "2016.11.09"]
[Round "5.8"]
[White "Sanchez Matias, Nuria Angelica"]
[Black "Fuentes Godoy, Lilia Ivonne"]
[Result "0-1"]
[WhiteElo "1749"]
[BlackElo "2099"]
[EventDate "2016.11.06"]
[PlyCount "92"]

1.e4 c5 2.Nf3 Nc6 3.d4 cxd4 4.Nxd4 e5 5.Nb5 a6 6.Nd6+ Bxd6 7.Qxd6 Qe7 8.
Qd1 Nf6 9.Nc3 d6 10.Bg5 Be6 11.Nd5 Bxd5 12.exd5 Nb8 13.Bd3 Nbd7 14.c4 a5 
15.O-O O-O 16.Re1 h6 17.Bh4 Qd8 18.Bf5 Nc5 19.b3 g5 20.Bg3 Ne8 21.Qc2 Ng7 
22.f3 Nxf5 23.Qxf5 Kg7 24.Bf2 Qc8 25.Qxc8 Rfxc8 26.Bxc5 Rxc5 27.a4 f5 28.
g3 Rc7 29.Ra2 Re8 30.Rae2 Kf6 31.Kf2 b6 32.Re3 h5 33.h3 Rg7 34.Rg1 Rf8 35.
Ree1 g4 36.hxg4 hxg4 37.f4 Rh8 38.Rg2 Re7 39.Re2 Rh1 40.Rg1 Rh2+ 41.Rg2 
Rxg2+ 42.Kxg2 exf4 43.Rxe7 f3+ 44.Kf2 Kxe7 45.Ke3 Kf7 46.Kf2 Kf6 0-1

[Event "11th Panam-ch (w)"]
[Site "Manzanillo MEX"]
[Date "2016.11.09"]
[Round "5.9"]
[White "Frometa Castillo, Zirka"]
[Black "Eswaran, Ashritha"]
[Result "1/2-1/2"]
[WhiteElo "2123"]
[BlackElo "2134"]
[EventDate "2016.11.06"]
[PlyCount "106"]

1.d4 Nf6 2.Nf3 e6 3.e3 b6 4.c4 Bb7 5.Nc3 d5 6.cxd5 exd5 7.Ne5 Bd6 8.Bb5+ 
c6 9.Be2 Bxe5 10.dxe5 Ne4 11.O-O O-O 12.f4 Na6 13.Nxe4 dxe4 14.Qc2 c5 15.
Rd1 Nb4 16.Qc3 Qe7 17.a3 Nd5 18.Qb3 Rad8 19.Bd2 Bc6 20.a4 Qb7 21.Be1 Ne7 
22.Qa3 a5 23.Bh4 Rxd1+ 24.Rxd1 Ng6 25.Bg3 Ne7 26.Bc4 Bd5 27.Bb5 Be6 28.Bf2
Qc7 29.Qc3 Rd8 30.Qc2 Rd5 31.h3 Qd8 32.Rxd5 Qxd5 33.g4 g6 34.Bh4 Kf8 35.
Kf2 h6 36.Bf6 c4 37.Qc3 Qd1 38.Qa3 Qd2+ 39.Kf1 Qb4 40.Bxe7+ Kxe7 41.Qc3 
Qxc3 42.bxc3 Bd5 43.f5 h5 44.gxh5 gxh5 45.h4 f6 46.e6 Kf8 47.Kf2 Ke7 48.
Kg3 Kf8 49.Kf4 Ke7 50.Bd7 Bb7 51.Bb5 Bd5 52.Bd7 Bb7 53.Bb5 Bd5 1/2-1/2

[Event "11th Panam-ch (w)"]
[Site "Manzanillo MEX"]
[Date "2016.11.09"]
[Round "5.10"]
[White "Heredia Serrano, Carla"]
[Black "Besso, Guadalupe"]
[Result "0-1"]
[WhiteElo "2103"]
[BlackElo "1987"]
[EventDate "2016.11.06"]
[PlyCount "105"]

1.e4 c5 2.Nc3 Nc6 3.f4 g6 4.Nf3 Bg7 5.Bb5 Nd4 6.O-O a6 7.Bc4 e6 8.a4 Ne7 
9.d3 O-O 10.Ba2 b6 11.Ne2 Nxf3+ 12.Rxf3 d5 13.e5 d4 14.Bd2 Bb7 15.Rh3 Nf5 
16.Qe1 Qc7 17.Ng3 Nxg3 18.Qxg3 Qc6 19.Re1 Rfe8 20.Re2 Qxa4 21.Bb3 Qc6 22.
Qh4 h5 23.Qg3 b5 24.c4 dxc3 25.Bxc3 c4 26.dxc4 b4 27.Bd4 Rad8 28.Rd2 a5 
29.c5 Bf8 30.f5 Rxd4 31.fxg6 Rg4 32.gxf7+ Kxf7 33.Qf2+ Kg8 34.Kh1 Qxc5 35.
Qxc5 Bxc5 36.Rxh5 Kg7 37.h3 Rd4 38.Re2 Be4 39.Rg5+ Kh6 40.Rg3 Rd3 41.Rxd3 
Bxd3 42.Rd2 Bb5 43.g4 a4 44.Bc2 Bc6+ 45.Kh2 b3 46.Bb1 Be3 47.Rd6 Bf4+ 48.
Kg1 Bd5 49.h4 Rg8 50.g5+ Kh5 51.g6 Bxe5 52.Ra6 Ra8 53.Rb6 0-1

[Event "11th Panam-ch (w)"]
[Site "Manzanillo MEX"]
[Date "2016.11.10"]
[Round "6.1"]
[White "Amura, Claudia"]
[Black "Cori Tello, Deysi"]
[Result "0-1"]
[WhiteElo "2271"]
[BlackElo "2399"]
[EventDate "2016.11.06"]
[PlyCount "82"]

1.d4 f5 2.g3 Nf6 3.Bg2 g6 4.b3 Bg7 5.Bb2 d6 6.Nh3 c6 7.c4 O-O 8.O-O h6 9.
Nf4 g5 10.Nd3 Qe8 11.e3 Qg6 12.Qe2 Nbd7 13.f4 Ne4 14.Nd2 Ndf6 15.Rfe1 Ng4 
16.Nf1 Bd7 17.a4 Rae8 18.b4 h5 19.b5 h4 20.gxh4 gxh4 21.h3 Ngf6 22.Nf2 Kh7
23.Kh2 Bh6 24.d5 Ng3 25.Qf3 Rg8 26.Nh1 Ng4+ 27.Kg1 Nxf1 28.Qxf1 Nf6 29.Kh2
cxd5 30.cxd5 Ne4 31.Bd4 Qf7 32.Bxa7 Qxd5 33.Qf2 Rxg2+ 34.Qxg2 e5 35.Rg1 
Qf7 36.Qf3 exf4 37.exf4 Nd2 38.Qf2 Qc4 39.Rg2 Qc3 40.Ra3 Qxa3 41.Qxd2 Qxa4
0-1

[Event "11th Panam-ch (w)"]
[Site "Manzanillo MEX"]
[Date "2016.11.10"]
[Round "6.2"]
[White "Lujan, Carolina"]
[Black "Nemcova, Katerina"]
[Result "1-0"]
[WhiteElo "2386"]
[BlackElo "2379"]
[EventDate "2016.11.06"]
[PlyCount "125"]

1.e4 e5 2.Nf3 Nc6 3.Bc4 Bc5 4.O-O Nf6 5.d3 a6 6.c3 d6 7.Bb3 Ba7 8.Be3 Bxe3
9.fxe3 O-O 10.Nbd2 Ne7 11.Qe2 Be6 12.Bc2 Ng6 13.h3 h6 14.Qf2 c5 15.d4 Qe7 
16.Nh4 Nxe4 17.Nxe4 Nxh4 18.Nxd6 cxd4 19.exd4 exd4 20.Qxd4 Qg5 21.Rf2 Rad8
22.Ne4 Rxd4 23.Nxg5 Rd6 24.Nxe6 Rxe6 25.Rd1 Re7 26.Rd6 Rfe8 27.Bb3 g6 28.
Rdf6 Kh8 29.Bxf7 Re1+ 30.Kh2 R8e2 31.Bd5 Nf5 32.Rxe2 Rxe2 33.Rxg6 Rxb2 34.
Be4 Ne3 35.Rxh6+ Kg8 36.Rd6 Rxa2 37.Bxb7 a5 38.Bd5+ Nxd5 39.Rxd5 Kg7 40.
Rd6 a4 41.Ra6 Rc2 42.Rxa4 Rxc3 43.h4 Kh6 44.g3 Kh5 45.Kh3 Rb3 46.Ra5+ Kg6 
47.h5+ Kh6 48.Kh4 Rb4+ 49.g4 Rc4 50.Ra6+ Kg7 51.Re6 Kf7 52.Re5 Kf6 53.Rf5+
Kg7 54.Kg5 Ra4 55.Re5 Ra7 56.h6+ Kh7 57.Kh5 Ra1 58.Re7+ Kh8 59.g5 Ra8 60.
g6 Rb8 61.Kg5 Ra8 62.Kf6 Rb8 63.Rd7 1-0

[Event "11th Panam-ch (w)"]
[Site "Manzanillo MEX"]
[Date "2016.11.10"]
[Round "6.3"]
[White "Martinez, Ayelen"]
[Black "Zhou, Qiyu"]
[Result "0-1"]
[WhiteElo "2238"]
[BlackElo "2312"]
[EventDate "2016.11.06"]
[PlyCount "60"]

1.e4 e5 2.Nf3 Nc6 3.Bb5 a6 4.Ba4 Nf6 5.O-O Be7 6.Re1 b5 7.Bb3 d6 8.c3 O-O 
9.h3 Nb8 10.d4 Nbd7 11.Nbd2 Bb7 12.Bc2 Re8 13.Nf1 Bf8 14.Ng3 g6 15.a4 c6 
16.Bg5 Bg7 17.Qd2 Qc7 18.Bh6 Bh8 19.Nf5 Rad8 20.axb5 axb5 21.Ra7 d5 22.Qg5
dxe4 23.Bb3 Nb6 24.Nxe5 Nfd5 25.Ng4 Qb8 26.Rea1 Nc4 27.Qh4 f6 28.Nfe3 
Ncxe3 29.Nxf6+ Bxf6 30.Qxf6 Nf5 0-1

[Event "11th Panam-ch (w)"]
[Site "Manzanillo MEX"]
[Date "2016.11.10"]
[Round "6.4"]
[White "Marrero Lopez, Yaniet"]
[Black "Zarate Oyague, Flor de Maria"]
[Result "1-0"]
[WhiteElo "2249"]
[BlackElo "1945"]
[EventDate "2016.11.06"]
[PlyCount "67"]

1.e4 c5 2.Nf3 d6 3.d4 cxd4 4.Nxd4 Nf6 5.Nc3 a6 6.h3 e5 7.Nde2 h5 8.Bg5 Be6
9.Bxf6 gxf6 10.Ng3 h4 11.Nf5 Bxf5 12.exf5 Nc6 13.Nd5 Bh6 14.c3 Bg5 15.Bd3 
Qa5 16.Be4 Ne7 17.O-O Nxd5 18.Bxd5 Qb6 19.Qf3 Ke7 20.b4 Bf4 21.Rfe1 Bd2 
22.Re2 Bg5 23.Bxb7 Ra7 24.Bd5 Rc7 25.a3 Qb8 26.Rd1 Qc8 27.c4 Kf8 28.a4 Bf4
29.b5 axb5 30.axb5 Qb8 31.Ra2 Ra7 32.Rda1 Rxa2 33.Rxa2 Qb6 34.Ra8+ 1-0

[Event "11th Panam-ch (w)"]
[Site "Manzanillo MEX"]
[Date "2016.11.10"]
[Round "6.5"]
[White "Nejanky, Maisa"]
[Black "Arribas Robaina, Maritza"]
[Result "0-1"]
[WhiteElo "2073"]
[BlackElo "2334"]
[EventDate "2016.11.06"]
[PlyCount "106"]

1.e4 e5 2.Nf3 d6 3.Nc3 Nf6 4.d4 exd4 5.Qxd4 Nc6 6.Bb5 Bd7 7.Bxc6 Bxc6 8.
Bg5 Be7 9.O-O-O O-O 10.Rhe1 Re8 11.h4 h6 12.Bf4 Ng4 13.Nd5 Bxd5 14.exd5 
Bf6 15.Qd2 Qd7 16.Kb1 Qb5 17.c3 Rxe1 18.Rxe1 Re8 19.Rxe8+ Qxe8 20.Bg3 Qe4+
21.Ka1 Ne5 22.Nxe5 Bxe5 23.f3 Qc4 24.Be1 Bf4 25.Qf2 Qxd5 26.a3 Qd3 27.Ka2 
c5 28.g4 a5 29.g5 h5 30.Ka1 a4 31.Ka2 b5 32.Ka1 Be3 33.Qg3 b4 34.cxb4 Bd4 
35.f4 Qd1+ 36.Ka2 Qe2 37.Bc3 Qc4+ 38.Kb1 d5 39.bxc5 Bxc5 40.f5 Qe4+ 41.Ka2
d4 42.Bd2 Qd5+ 43.Ka1 Qxf5 44.Qe1 Qd7 45.Qd1 g6 46.Qf3 Kh7 47.Qf2 Bf8 48.
Qf3 d3 49.Qe4 Bg7 50.Qc4 Qb7 51.Qb4 Qh1+ 52.Ka2 Qd1 53.Be1 Qc2 0-1